000 00484nab a2200145Ia 4500
003 ES-SlBCS
005 20210601132856.0
008 140529s1969 xxu||||| |||| 00| 0 ita d
041 _aita
100 1 _aDrago, Giovanni
_962838
245 0 0 _aDiritti formali e strutture formali dei diritti nel pensiero giuridico rosminiano
_c Giovanni Drago
600 1 4 _aRosmini-Derecho
_9199721
773 0 _tGiornali di Metafisica
_gvol. 24, nº. 4-6, 1969, págs. 570-601
_w0017-0372
942 _cAR
999 _c587045
_d587045